<?xml version="1.0" encoding="UTF-8"?>
<record
    xmlns:xsi="http://www.w3.org/2001/XMLSchema-instance"
    xsi:schemaLocation="http://www.loc.gov/MARC21/slim http://www.loc.gov/standards/marcxml/schema/MARC21slim.xsd"
    xmlns="http://www.loc.gov/MARC21/slim">

  <leader>02128nam0a2200385 i 4500</leader>
  <controlfield tag="001">RU\NLR\BIBL_A\011132000</controlfield>
  <controlfield tag="005">20260408073615.0</controlfield>
  <datafield tag="021" ind1=" " ind2=" ">
    <subfield code="a">RU</subfield>
    <subfield code="b">2016-31234</subfield>
    <subfield code="9">2016</subfield>
  </datafield>
  <datafield tag="029" ind1="1" ind2="0">
    <subfield code="a">RU</subfield>
    <subfield code="b">56547-2015</subfield>
    <subfield code="c">&#x413;&#x41E;&#x421;&#x422; &#x420;</subfield>
  </datafield>
  <datafield tag="035" ind1=" " ind2=" ">
    <subfield code="a">(NLR Aleph) 011132000</subfield>
  </datafield>
  <datafield tag="090" ind1=" " ind2=" ">
    <subfield code="a">11572958</subfield>
    <subfield code="c">11572958</subfield>
  </datafield>
  <datafield tag="100" ind1=" " ind2=" ">
    <subfield code="a">20160519d2016    k  y0rusy50      ca</subfield>
  </datafield>
  <datafield tag="101" ind1="0" ind2=" ">
    <subfield code="a">rus</subfield>
  </datafield>
  <datafield tag="102" ind1=" " ind2=" ">
    <subfield code="a">RU</subfield>
  </datafield>
  <datafield tag="105" ind1=" " ind2=" ">
    <subfield code="a">y   l   000|y</subfield>
  </datafield>
  <datafield tag="200" ind1="1" ind2=" ">
    <subfield code="a">&#x420;&#x43E;&#x441;&#x441;&#x438;&#x439;&#x441;&#x43A;&#x43E;&#x435; &#x43A;&#x430;&#x447;&#x435;&#x441;&#x442;&#x432;&#x43E;</subfield>
    <subfield code="i">&#x41A;&#x43E;&#x43D;&#x44C;&#x44F;&#x43A;&#x438; &#x43E;&#x441;&#x43E;&#x431;&#x44B;&#x435;</subfield>
    <subfield code="e">&#x41E;&#x431;&#x449;&#x438;&#x435; &#x442;&#x435;&#x445;&#x43D;&#x438;&#x447;&#x435;&#x441;&#x43A;&#x438;&#x435; &#x443;&#x441;&#x43B;&#x43E;&#x432;&#x438;&#x44F;</subfield>
    <subfield code="d">Russian quality. Brandy special. General specifications</subfield>
    <subfield code="z">eng</subfield>
    <subfield code="e">&#x413;&#x41E;&#x421;&#x422; &#x420; 56547-2015</subfield>
    <subfield code="f">&#x440;&#x430;&#x437;&#x440;&#x430;&#x431;. &#x424;&#x435;&#x434;&#x435;&#x440;. &#x433;&#x43E;&#x441;. &#x431;&#x44E;&#x434;&#x436;&#x435;&#x442;. &#x43D;&#x430;&#x443;&#x447;. &#x443;&#x447;&#x440;&#x435;&#x436;&#x434;&#x435;&#x43D;&#x438;&#x435;&#x43C; "&#x412;&#x441;&#x435;&#x440;&#x43E;&#x441;. &#x43D;&#x430;&#x443;&#x447;.-&#x438;&#x441;&#x441;&#x43B;&#x435;&#x434;. &#x438;&#x43D;-&#x442; &#x43F;&#x438;&#x432;&#x43E;&#x432;&#x430;&#x440;&#x435;&#x43D;., &#x431;&#x435;&#x437;&#x430;&#x43B;&#x43A;&#x43E;&#x433;&#x43E;&#x43B;. &#x438; &#x432;&#x438;&#x43D;&#x43E;&#x434;&#x435;&#x43B;. &#x43F;&#x440;&#x43E;&#x43C;-&#x441;&#x442;&#x438;" (&#x424;&#x413;&#x411;&#x41D;&#x423; &#x412;&#x41D;&#x418;&#x418;&#x41F;&#x411;&#x438;&#x412;&#x41F;)</subfield>
  </datafield>
  <datafield tag="205" ind1=" " ind2=" ">
    <subfield code="a">&#x418;&#x437;&#x434;. &#x43E;&#x444;&#x438;&#x446;.</subfield>
  </datafield>
  <datafield tag="210" ind1=" " ind2=" ">
    <subfield code="a">&#x41C;&#x43E;&#x441;&#x43A;&#x432;&#x430;</subfield>
    <subfield code="c">&#x421;&#x442;&#x430;&#x43D;&#x434;&#x430;&#x440;&#x442;&#x438;&#x43D;&#x444;&#x43E;&#x440;&#x43C;</subfield>
    <subfield code="d">2016</subfield>
  </datafield>
  <datafield tag="215" ind1=" " ind2=" ">
    <subfield code="a">II, 5, [1] &#x441;.</subfield>
    <subfield code="d">29</subfield>
  </datafield>
  <datafield tag="225" ind1="1" ind2=" ">
    <subfield code="a">&#x41D;&#x430;&#x446;&#x438;&#x43E;&#x43D;&#x430;&#x43B;&#x44C;&#x43D;&#x44B;&#x439; &#x441;&#x442;&#x430;&#x43D;&#x434;&#x430;&#x440;&#x442; &#x420;&#x43E;&#x441;&#x441;&#x438;&#x439;&#x441;&#x43A;&#x43E;&#x439; &#x424;&#x435;&#x434;&#x435;&#x440;&#x430;&#x446;&#x438;&#x438;</subfield>
    <subfield code="f">&#x424;&#x435;&#x434;&#x435;&#x440;. &#x430;&#x433;&#x435;&#x43D;&#x442;&#x441;&#x442;&#x432;&#x43E; &#x43F;&#x43E; &#x442;&#x435;&#x445;&#x43D;. &#x440;&#x435;&#x433;&#x443;&#x43B;&#x438;&#x440;&#x43E;&#x432;&#x430;&#x43D;&#x438;&#x44E; &#x438; &#x43C;&#x435;&#x442;&#x440;&#x43E;&#x43B;&#x43E;&#x433;&#x438;&#x438;</subfield>
  </datafield>
  <datafield tag="239" ind1=" " ind2=" ">
    <subfield code="a">&#x412;&#x432;&#x435;&#x434;. 01.01.2017</subfield>
  </datafield>
  <datafield tag="320" ind1=" " ind2=" ">
    <subfield code="a">&#x411;&#x438;&#x431;&#x43B;&#x438;&#x43E;&#x433;&#x440;. &#x432; &#x43A;&#x43E;&#x43D;&#x446;&#x435; &#x442;&#x435;&#x43A;&#x441;&#x442;&#x430; (5 &#x43D;&#x430;&#x437;&#x432;.)</subfield>
  </datafield>
  <datafield tag="510" ind1="1" ind2=" ">
    <subfield code="a">Russian quality</subfield>
    <subfield code="z">eng</subfield>
  </datafield>
  <datafield tag="510" ind1="1" ind2=" ">
    <subfield code="a">Brandy special. General specifications</subfield>
    <subfield code="z">eng</subfield>
  </datafield>
  <datafield tag="517" ind1="1" ind2=" ">
    <subfield code="a">&#x413;&#x41E;&#x421;&#x422; &#x420; 56547-2015</subfield>
  </datafield>
  <datafield tag="606" ind1=" " ind2=" ">
    <subfield code="a">&#x41A;&#x43E;&#x43D;&#x44C;&#x44F;&#x43A;&#x438;</subfield>
    <subfield code="j">&#x422;&#x435;&#x445;&#x43D;&#x438;&#x447;&#x435;&#x441;&#x43A;&#x438;&#x435; &#x443;&#x441;&#x43B;&#x43E;&#x432;&#x438;&#x44F;</subfield>
    <subfield code="9">1404650</subfield>
    <subfield code="3">RU\NLR\AUTH\66591377</subfield>
  </datafield>
  <datafield tag="675" ind1=" " ind2=" ">
    <subfield code="a">663.5.002:006.354</subfield>
  </datafield>
  <datafield tag="686" ind1=" " ind2=" ">
    <subfield code="a">67.160.10</subfield>
    <subfield code="v">2000</subfield>
    <subfield code="2">oks</subfield>
  </datafield>
  <datafield tag="686" ind1="1" ind2=" ">
    <subfield code="a">&#x41B;874.6&#x44F;863</subfield>
  </datafield>
  <datafield tag="712" ind1="0" ind2="2">
    <subfield code="4">900</subfield>
    <subfield code="a">&#x412;&#x441;&#x435;&#x440;&#x43E;&#x441;&#x441;&#x438;&#x439;&#x441;&#x43A;&#x438;&#x439; &#x41D;&#x418;&#x418; &#x43F;&#x438;&#x432;&#x43E;&#x432;&#x430;&#x440;&#x435;&#x43D;&#x43D;&#x43E;&#x439;, &#x431;&#x435;&#x437;&#x430;&#x43B;&#x43A;&#x43E;&#x433;&#x43E;&#x43B;&#x44C;&#x43D;&#x43E;&#x439; &#x438; &#x432;&#x438;&#x43D;&#x43E;&#x434;&#x435;&#x43B;&#x44C;&#x447;&#x435;&#x441;&#x43A;&#x43E;&#x439; &#x43F;&#x440;&#x43E;&#x43C;&#x44B;&#x448;&#x43B;&#x435;&#x43D;&#x43D;&#x43E;&#x441;&#x442;&#x438;</subfield>
    <subfield code="9">539926</subfield>
    <subfield code="3">RU\NLR\AUTH\880437851</subfield>
  </datafield>
  <datafield tag="712" ind1="0" ind2="1">
    <subfield code="4">725</subfield>
    <subfield code="a">&#x420;&#x43E;&#x441;&#x441;&#x438;&#x439;&#x441;&#x43A;&#x430;&#x44F; &#x424;&#x435;&#x434;&#x435;&#x440;&#x430;&#x446;&#x438;&#x44F;</subfield>
    <subfield code="b">&#x424;&#x435;&#x434;&#x435;&#x440;&#x430;&#x43B;&#x44C;&#x43D;&#x43E;&#x435; &#x430;&#x433;&#x435;&#x43D;&#x442;&#x441;&#x442;&#x432;&#x43E; &#x43F;&#x43E; &#x442;&#x435;&#x445;&#x43D;&#x438;&#x447;&#x435;&#x441;&#x43A;&#x43E;&#x43C;&#x443; &#x440;&#x435;&#x433;&#x443;&#x43B;&#x438;&#x440;&#x43E;&#x432;&#x430;&#x43D;&#x438;&#x44E; &#x438; &#x43C;&#x435;&#x442;&#x440;&#x43E;&#x43B;&#x43E;&#x433;&#x438;&#x438;</subfield>
    <subfield code="3">RU\NLR\AUTH\8810064304</subfield>
    <subfield code="9">630205</subfield>
  </datafield>
  <datafield tag="942" ind1=" " ind2=" ">
    <subfield code="c">BOOK</subfield>
  </datafield>
  <datafield tag="980" ind1=" " ind2=" ">
    <subfield code="a">NBR</subfield>
  </datafield>
</record>
